Statistics for Eternal Sunshine of the Spotless Mind Cast

Click here to take the quiz!

General Stats

  • This quiz has been taken 22 times
  • The average score is 4 of 11

Answer Stats

HintAnswer% Correct
Joel BarishJim Carrey
100%
Clementine KruczynskiKate Winslet
82%
PatrickElijah Wood
65%
Stan FinkMark Ruffalo
65%
Mary SvevoKirsten Dunst
59%
Rob EakinDavid Cross
12%
Dr. Howard MierzwakTom Wilkinson
12%
Joel Barish's MotherDebbon Ayer
6%
Hollis MierzwakDeirdre O'Connell
6%
Carrie EakinJane Adams
6%
FrankThomas Jay Ryan
6%

Score Distribution

Percentile by Number Answered

Percent of People with Each Score

Your Score History

You have not taken this quiz